Evropský hospodářský prostor a ČR
1. januára 1994 vstúpila do platnosti Dohoda o vytvorení Európskeho hospodárskeho priestoru (EHP). Charakteristika Dohody o EHP. Rozdiely medzi EHP a Európskou úniou. Česká republika a EHP.
Salvato in:
| Autore principale: | |
|---|---|
| Natura: | Capitolo di libro |
| Lingua: | ceco |
| Soggetti: | |
| Tags: |
Nessun Tag, puoi essere il primo ad aggiungerne!!
|
MARC
| LEADER | 00000naa a2200000 4500 | ||
|---|---|---|---|
| 001 | r015645 | ||
| 005 | 20221205085935.7 | ||
| 041 | 0 | |a cze | |
| 044 | |a CZ | ||
| 245 | 1 | 0 | |a Evropský hospodářský prostor a ČR |c O. Schmied |
| 520 | |a 1. januára 1994 vstúpila do platnosti Dohoda o vytvorení Európskeho hospodárskeho priestoru (EHP). Charakteristika Dohody o EHP. Rozdiely medzi EHP a Európskou úniou. Česká republika a EHP. | ||
| 610 | 2 | 0 | |a obchod medzinárodný |
| 610 | 2 | 0 | |a Európa |
| 610 | 2 | 0 | |a Česko |
| 610 | 2 | 0 | |a Európsky ekonomický priestor |
| 100 | 1 | |a Schmied, O. | |